000 00514nam a2200205Ia 4500
005 20250923145249.0
008 008 250917s9999 xx 000 0 eng d
037 _aTextual
040 _aDSWL
_beng
_cDSWL
041 _aeng
_2eng
084 _qDSWL
100 _aToffler, Alvin
_9833471
245 0 _aFuture Shock
_cby Alvin Toffler
260 _aNew York
_bBantan Book Random House
_c1970
300 _a561p.
365 _aUSD
_b1.25
925 _g1.25
942 _cTEXL
999 _c1449179
_d1449179